000 00724nam a22002777a 4500
001 BR6002849
003 BR-BrBNA
005 20230928083138.0
007 ta
008 230509b bl.||||| |||| 00| 0 por d
040 _aBR-BrBNA
_bpor
_cBiblioteca Nacional de Agricultura
041 _a(Por)
072 _aE10; E50
090 _ E10 BR6002849
100 1 _aLuz Filho, F.
245 1 _aCooperativismo, Corporativismo, Colonizacao
250 1 _a2. ed.
260 3 _aRio de Janeiro, GB (Brasil):
_bCoelho Branco,
_c1938.
300 _a178 p.
650 _aMacroeconomia
650 _aSociologia rural
650 _aCooperativa
650 _aColonizacao
909 _a202309
_bLucia
_c55
_dLucia Elande
942 _cBK
999 _c11818
_d11818